000
00232nam a22000857a 4500
008
160715b xxu||||| |||| 00| 0 eng d
100
_9
2894
_a
Urbanska, W
245
_a
The Singular Generation
260
_a
New York
_b
Doubleday & Com
_c
1986
999
_c
2460
_d
2460